000 00835nam a2200277Ia 4500
003 OSt
005 20220918171016.0
006 a|||||r|||| 00| 0
007 ta
008 220917b |||||||| |||| 00| 0 eng d
020 _a9781137338433 (pbk)
_c2047.98
024 _a281,047
037 _b11425, 12/03/2014, Elite Publishers Distributors
_cTextual
040 _aARTS
_cARTS
_beng
041 _2eng
_aeng
082 _aNU1, Q3
100 _aJurkowski Henryk
_933075
245 0 _aAspects of puppet theatre
250 _a2nd
260 _aNew York
_bPalgrave U.S.A
_c2013
300 _ax, 206p.
_ccm.
650 _aARTS
700 _a Francis Penny Ed.
_933076
942 _hNU1, Q3
_cTEXL
_2CC
999 _c137235
_d137235